00514nam a22001697a 450000500170000001000120001702000260002903700320005508200100008710000250009724500370012226000500015927000710020930000210028094200240030199900190032520260302143910.0 aBACEN26 a9788176488839c595.00 bAPH Publishing Corporation  a376.4 aMishra, R.C. 988019 aWomen Education/cby R.C. Mishra aNew Delhi bAPH Publishing Corporation c2025 a4435-36/7, Ansari Raod, Darya Ganj, bNew Delhi e110002k23274050 a314p.c22cm(pb)  2ddccENh376.4mMIS c215091d215091